| 000 | 00678nam a2200229 a 4500 | ||
|---|---|---|---|
| 001 | 13297 | ||
| 003 | BD-JhCC | ||
| 005 | 20230810083627.0 | ||
| 008 | 230810b2018 bg |||| ||a| 000 0 ben d | ||
| 020 | _a9789849093695 | ||
| 035 | _a(BD-JhCC)13297 | ||
| 040 |
_aBD-JhCC _dBD-JhCC |
||
| 041 | _abengali | ||
| 082 |
_a 891.44 _bAHM 2018 |
||
| 100 | _aআহমাদ, মোস্তাক | ||
| 245 |
_aসেরা দশ কিশোর থ্রিলার / _cমোস্তাক আহমাদ। |
||
| 260 |
_aঢাকা: _bমনন প্রকাশ; _c2018. |
||
| 300 |
_a192 p. : _c22 cm. |
||
| 650 | _a Bengali Fiction | ||
| 942 |
_2ddc _cBK |
||
| 999 |
_c13297 _d13297 |
||